Formula 1 driver's nationality - 2022 - Statistics

General Stats
  • This quiz has been taken 105 times
  • The average score is 19 of 20
Answer Stats
Hint Answer % Correct
Charles Leclerc Monaco
100%
Sergio Perez Mexico
99%
Max Verstappen Netherlands
99%
Carlos Sainz Spain
99%
Zhou Guanyu China
98%
Mick Schumacher Germany
98%
Yuki Tsunoda Japan
98%
Pierre Gasly France
97%
Fernando Alonso Spain
97%
Valtteri Bottas Finland
96%
Sebastian Vettel Germany
96%
Lewis Hamilton Great Britain
96%
Lando Norris Great Britain
96%
Daniel Ricciardo Australia
94%
Kevin Magnussen Denmark
94%
George Russel Great Britain
94%
Lance Stroll Canada
91%
Esteban Ocon France
90%
Alexander Albon Thailand
86%
Nicholas Latifi Canada
81%
No matching quizzes found
Score Distribution
Percent of People with Each Score
Percentile by Number Answered
Your Score History
You have not taken this quiz